| 000 | 00578nam a2200193Ia 4500 | ||
|---|---|---|---|
| 003 | GCL | ||
| 005 | 20240530110940.0 | ||
| 008 | 140319s9999 xx 000 0 ara d | ||
| 040 |
_aGCL / _cGCL |
||
| 082 | 0 | 4 |
_a922 _bح م |
| 100 | 0 | _aحسن الامين | |
| 245 | 1 | 0 |
_aمستدركات اعيان الشيعة / _cحسن الامين |
| 260 |
_aبيروت : _bدار التعارف للمطبوعات ، _c1987 |
||
| 300 |
_a5 جزء ؛ _c32 سم. |
||
| 650 | 0 | 4 | _aالاسلام |
| 650 | 0 | 4 | _aالفرق الاسلامية |
| 650 | 0 | 4 | _aالشيعة |
| 942 |
_2ddc _cREF |
||
| 999 |
_c66816 _d66816 |
||